Gentse Studentenverenigingen - Statistics

General Stats
  • This quiz has been taken 113 times
    107 since last reset
  • The average score is 68 of 167
Answer Stats
Konvent Naam % Correct
FK Vlaamse Technische Kring (VTK)
91%
FK Vlaamse Economische Kring (VEK)
88%
FK Vlaamse Geneeskundige Kring (VGK)
88%
FK Vlaamse Geschiedkundige Kring (V.G.K.)
88%
FK Vlaamse Levenstechnische Kring (VLK)
88%
Konvent Faculteiten Konvent (FK)
85%
FK Hermes
85%
FK Vlaams Rechtgenootschap (VRG)
85%
FK WiNA Gent
85%
FK HILOK
82%
Konvent Home Konvent (HK)
79%
Konvent Senioren Konvent (SK)
79%
FK Chemica
76%
FK Filologica
76%
FK Gentse Farma Kring (GFK)
76%
FK Politeia
76%
FK Vlaamse Biomedische Kring (VBK)
76%
FK Vlaamse Psychologische en Pedagogische Kring (VPPK)
76%
FK Gentse Biologische Kring (GBK)
73%
FK Geografica
73%
FK Vlaams Diergeneeskundige Kring (VDK)
73%
SK Antwerpen Boven (AB)
70%
FK Geologica
70%
PFK Katholiek Vlaams Hoogstudentenverbond (KVHV)
70%
FK KunstHistorische Kring (KHK)
70%
FK Moeder Lies
70%
FK Oosterse Afrikaanse Kring (OAK)
70%
FK Veto Gent
70%
FK Dentalia
67%
Konvent Kultureel Konvent (KK)
67%
Konvent Werkgroepen en Verenigingen Konvent (WVK)
67%
HK Home Bertha de Vriese
64%
WVK Klassieke Kring (KK)
64%
FK Kring Moraal Filosofie (KMF)
64%
FK LILA
64%
FK Lombrosiana
64%
Overige Moeder Zeug
64%
FK Vlaamse Logopedische en Audiologische Kring (VLAK)
64%
HK Home Astrid
61%
SK Oost-Vlaamse Gilde
61%
SK Salmonella
61%
Overige Anabolica
58%
HK Home Boudewijn
58%
HK Home Fabiola
58%
HK Home Vermeylen
58%
Konvent Internationaal Konvent (IK)
58%
SK Limburgia
58%
SK West-Vlaamse Gilde
58%
SK Abnormalia
55%
SK Moeder Meetjesland
55%
Overige Moeder Porter
55%
PFK Nationalistische Studentenvereniging (NSV)
55%
HK Savania
55%
SK Dionysus
52%
IK Erasmus Student Network (ESN)
52%
SK Harmonia
52%
SK Moeder Domper
52%
Overige Moeder Salamander
52%
Konvent Politiek en Filosofisch Konvent (PFK)
52%
SK Brugse Universitaire Kring (BUK)
48%
HK Confabula
48%
SK Ideefix
48%
WVK Moeder Theepot
48%
SK Pihonia
48%
SK Aphonia
45%
SK Geeraard
45%
KK Gents Universitair Koor (GUK)
45%
SK Moeder KILA
45%
Overige Moeder Max
45%
Overige Nemesis
45%
Konvent Schamper
45%
SK 't Stropke
45%
PFK Vereniging voor de Verenigde Naties Youth (VVN Youth)
45%
WVK Vereniging voor Natuurkunde (VVN)
45%
SK Westlandia
45%
Konvent 12-Urenloop
42%
PFK Comac
42%
Overige De Drakentemmers
42%
Konvent Massacantus Comité
42%
HK Mercator
42%
Overige Moeder Kerst
42%
Overige reGent
42%
SK Scaldis
42%
KK Studentenfanfare
42%
SK Wase Club
42%
Overige Curatio
39%
SK De Dijlebrassers
39%
PFK Gent Model United Nations (Gent MUN)
39%
KK Gents Universitair Symponisch Orkest (GUSO)
39%
PFK Jong N-VA UGent
39%
Overige Moeder Coulissen
39%
Overige Moeder Oilsjterse
39%
SK Deliria
36%
KK Gents Universitair Harmonie Orkest (GUHO)
36%
HK Home Mundo
36%
SK Internia
36%
WVK Kajira
36%
SK Laetitia
36%
Overige Moeder Midden in de Blok
36%
Overige Satanica
36%
Overige Vader Rouge
36%
KK Ylusiona
36%
WVK CenEka
33%
PFK Jong Groen StuGent
33%
SK MEGA
33%
WVK PRIME
33%
SK Rodenbach
33%
SK Sd'A Gent
33%
Overige Club Confrater
30%
Overige De Parkwacht
30%
SK Hortecta
30%
Overige Hospitalia
30%
SK Moeder Egmont
30%
IK Tomo no Kai
30%
Overige Xiperia
30%
SK Archein
27%
Overige Heimdal
27%
SK Vader & Moeder Yssi's
27%
WVK Archeologische Werkgroep (AW)
24%
PFK Liberaal Vlaams Studentenverbond (LVSV)
24%
Overige Vader Coulissen
24%
WVK Zeus WerkgroeP Informatica (Zeus WPI)
24%
Overige Acantha
21%
WVK BEAM
21%
WVK De Loeiende Koe
21%
WVK Belgian Medical Students (BeMSA)
18%
Overige Minos
18%
PFK Christen Democratische Studenten (CDS)
15%
KK Gents Universitair Dansclub (GUDc)
15%
Overige Juni Clubje
15%
Overige Moeder d'Hoeve
15%
WVK PKarus
15%
Overige Vader d'Hoeve
15%
PFK Actief Linkse Studenten (ALS)
12%
KK Auw La
12%
IK ChiSAG
12%
IK IAAS
12%
IK IndoSAG
12%
PFK Jongsocialisten StuGent (JS)
12%
Overige Moeder Jäger
12%
PFK 't Zal Wel Gaan
12%
WVK 180 Degrees Consulting
9%
WVK Groene Kring
9%
Overige Mano
9%
Overige Moeder Ledebergse
9%
Overige TOP!K
9%
IK AIESEC
6%
WVK Chimes
6%
IK European Law Assocation (ELSA)
6%
Overige Lamme Goden
6%
WVK Poutrix
6%
Overige Verkeerd Geparkeerd (VG)
6%
IK VinaSAG
6%
PFK Zaytouna
6%
WVK Capitant Gent
3%
Overige Drag
3%
WVK Materials Science and Chemical Technology (MaCht)
3%
KK Prometheus
3%
Overige SAF
3%
KK Atelier Modelstudies
0%
WVK Engage
0%
WVK FLUX
0%
IK International Forestry Students' Association (IFSA)
0%
Overige KA_F
0%
KK MaTRaK
0%
Overige Moeder Karin
0%
IK Umoja
0%
No matching quizzes found
Score Distribution
Percent of People with Each Score
Percentile by Number Answered
Your Score History
You have not taken this quiz since the last reset